Atmosphere, weather and climate (Record no. 7505)

MARC details
000 -LEADER
fixed length control field 00863cam a2200289 4500
001 - CONTROL NUMBER
control field 786369
003 - CONTROL NUMBER IDENTIFIER
control field OSt
005 - DATE AND TIME OF LATEST TRANSACTION
control field 20211122102846.0
008 - FIXED-LENGTH DATA ELEMENTS--GENERAL INFORMATION
fixed length control field 710907s1971 enkabdf b 001 0 eng
010 ## - LIBRARY OF CONGRESS CONTROL NUMBER
LC control number 73591055
015 ## - NATIONAL BIBLIOGRAPHY NUMBER
National bibliography number B71-10224
020 ## - INTERNATIONAL STANDARD BOOK NUMBER
International Standard Book Number 0415271711
040 ## - CATALOGING SOURCE
Original cataloging agency DLC
Transcribing agency DLC
Modifying agency DLC
050 00 - LIBRARY OF CONGRESS CALL NUMBER
Classification number QC861.2
Item number .B36 1971
082 00 - DEWEY DECIMAL CLASSIFICATION NUMBER
Classification number 551.5BAR 2003
100 1# - MAIN ENTRY--PERSONAL NAME
Personal name Barry, Roger G.
Fuller form of name (Roger Graham),
Dates associated with a name 1935-
9 (RLIN) 15366
245 10 - TITLE STATEMENT
Title Atmosphere, weather and climate
Statement of responsibility, etc. [by] R. G. Barry and R. J. Chorley.
250 ## - EDITION STATEMENT
Edition statement 8th ed.
260 ## - PUBLICATION, DISTRIBUTION, ETC. (IMPRINT)
Place of publication, distribution, etc. London,
Name of publisher, distributor, etc. Methuen,
Date of publication, distribution, etc. 1971.
300 ## - PHYSICAL DESCRIPTION
Extent xvi,421 p.
Other physical details illus., charts, maps.
Dimensions 22 cm.
350 ## - PRICE (NR) (BK AM CF MU VM SE) [OBSOLETE]
Price £2.75
504 ## - BIBLIOGRAPHY, ETC. NOTE
Bibliography, etc Includes bibliographies.
650 #0 - SUBJECT ADDED ENTRY--TOPICAL TERM
Topical term or geographic name as entry element Meteorology.
9 (RLIN) 15367
700 1# - ADDED ENTRY--PERSONAL NAME
Personal name Chorley, Richard J.,
Relator term joint author.
9 (RLIN) 15368
906 ## - LOCAL DATA ELEMENT F, LDF (RLIN)
a 7
b cbc
c orignew
d 3
e ncip
f 19
g y-gencatlg
942 ## - ADDED ENTRY ELEMENTS (KOHA)
Source of classification or shelving scheme Dewey Decimal Classification
Koha item type Open Shelf
Holdings
Withdrawn status Lost status Source of classification or shelving scheme Damaged status Not for loan Home library Current library Date acquired Source of acquisition Inventory number Total Checkouts Full call number Barcode Date last seen Price effective from Koha item type
    Dewey Decimal Classification     MUST Main Library MUST Main Library 22/11/2021 Donation 05/23306   551.5BAR 2003 2021-1784 22/11/2021 22/11/2021 Open Shelf